000 00407nam a2200169Ia 4500
008 230917s9999||||xx |||||||||||||| ||und||
020 _cPON14.95
040 _e18428
_aMAIN
041 _aEnglish
082 _a519.5 P69A
100 _aPlackett, R L
245 4 _aThe analysis of categorical data
250 _a2nd ed.
260 _aLondon
_bCharles Griffin
_c1981
300 _axii,207 p.
942 _cBK
999 _c68464
_d68464